000 nam a22 7a 4500
999 _c21705
_d21705
008 170123b xxu||||| |||| 00| 0 eng d
050 _aHD 28 .A23 2013
100 _a[edited by Colquitt, Jason A.]
245 _aAcademic management :
_bjournal vol. 56 no. 6/
_cJason A. Colquitt, Pratima Bansal and Joyce E. Bono.
260 _aNewYork :
_bAcademy o management,
_c2013.
300 _a1830p. :
_bill. ;
_c27cm.
500 _aInclude index.
650 _aManagement.
700 _aBansal, Pratima.
942 _2lcc
_cBOOKS